000 01347naa a22003497a 4500
001 BR7405532
003 BR-BrBNA
005 20240918173631.0
007 ta
008 230509b bl.||||| |||| 00| 0 por d
040 _aBR-BrBNA
_bpor
_cBiblioteca Nacional de Agricultura
041 _a(Pt)
072 _aF25
_b1950
_b3830
_b3840
090 _aF25 BR7405532
100 1 _aCarvalho, M.M. de
100 1 _aMozzer, O.L.
100 1 _aFerreira, J.G.
100 1 _aBahia Filho, A.F.C.
111 1 _a11. Reuniao da Sociedade Brasileira de Zootecnia
_cFortaleza, CE (Brazil)
_d22 Jul 1974
245 1 _aEfeito de fontes de fosforo e corretivos do solo em duas leguminosas tropicais [Calcario; Fertilizante fosfatado]
260 3 _aFortaleza, CE (Brasil):
_bUniversidade Federal do Ceara,
_c1974.
500 _aAnais da 11. Reuniao da Sociedade Brasileira de Zootecnia Fortaleza, CE (Brasil): Universidade Federal do Ceara, 1974. p. 326-327 (BR7405532-AM)F25
650 _aFertilidade do solo
650 _aLeguminosa forrageira
650 _aFertilizante fosfatado
650 _aCorretivo
650 _aCalcario
650 _aCalagem
773 0 _tAnais da 11. Reuniao da Sociedade Brasileira de Zootecnia
_wF25 BR7405532
_gFortaleza, CE (Brasil), 1974. p. 326-327
909 _a202404
_bLucia
_c55
_dLucia Elande
942 _cAM
_2AGRIS
999 _c305868
_d305868